000 00686nam a2200181Ia 4500
008 100920s9999 xx 000 0 und d
082 _b65985
_a891.464 थ 91
100 _aसंपादक-नाडकर्णी एस्र. एस्र.
245 _aबालकवी-समीक्षा (1918 ते 1990).
260 _bराजहंस प्रकाशन, पुणे.
_c1991
300 _a567
_bसाधी
365 _b200
520 _aनिबंध.
630 _aबालकवी-समीक्षा (1918 ते 1990).
650 _aनिबंध.
730 _aबालकवी-समीक्षा (1918 ते 1990).
942 _cBOOK
999 _c708683
_d708680